LIBRARY & INFORMATION CENTRE, KCAET, TAVANUR

ONLINE PUBLIC ACCESS CATALOGUE (OPAC)

Water management / (Record no. 13190)

MARC details
000 -LEADER
fixed length control field 00472cam a2200193ua 4500
041 ## - LANGUAGE CODE
Language code of text/sound track or separate title eng
082 ## - DEWEY DECIMAL CLASSIFICATION NUMBER
Classification number 627.02
Item number SIN/WA
100 ## - MAIN ENTRY--AUTHOR NAME
Personal name Singh, A .
245 ## - TITLE STATEMENT
Title Water management /
260 ## - PUBLICATION, DISTRIBUTION, ETC. (IMPRINT)
Place of publication New Delhi :
Name of publisher Arise Publishers & Distributors ,
Year of publication 2008.
300 ## - PHYSICAL DESCRIPTION
Number of Pages 336 ; .
700 1# - ADDED ENTRY--PERSONAL NAME
Personal name Seema, Singh .
942 ## - ADDED ENTRY ELEMENTS (KOHA)
Koha item type Books
Holdings
Withdrawn status Lost status Damaged status Home library Current library Date acquired Full call number Accession Number Koha item type
      KAUAET KAUAET 07/04/2012 627.02 SIN/WA 21577 Books
      KAUAET KAUAET 07/04/2012 627.02 SIN/WA 21888 Books
free website counter